Представление документа в формате MARC21

Поле Инд. ПП Название Значение
Тип записи a
Библиографический уровень b
001 Контрольный номер 3d03e9bf62d74ebaa0161383551b1b39
005 Дата корректировки 20210819104607.4
024 80 a Стандартный номер DOI: 10.1039/d0ra02325f
040 a Служба первич. каталог. Web of Science
b Код языка каталог. eng
097 a Костяева О.Г.
100 1_ a Автор Ushakova E. E.
100 1_ a Автор Sergeev A. V.
100 1_ a Автор Morzhukhin A.
g Прочие сведения Scopus Author ID: 57202923270 (https://www.scopus.com/authid/detail.uri?authorId=57202923270)
i 100093057
j Принадлежность неизвестного автора к последователям, ученикам, сторонникам, школе и т. д. государственный университет "Дубна"
k Кафедра химии, новых технологий и материалов; Факультет естественных и инженерных наук
q Полное имя Моржухин Артем Маркович
u Дополнение Моржухин А. М.
100 1_ a Автор Napolskiy F. S.
g Прочие сведения РИНЦ AuthorID: 592366 (https://elibrary.ru/author_profile.asp?id=592366); Scopus Author ID: 55235066200 (https://www.scopus.com/authid/detail.uri?authorId=55235066200)
j Принадлежность неизвестного автора к последователям, ученикам, сторонникам, школе и т. д. государственный университет "Дубна"
k Инжиниринговый центр
q Полное имя Напольский Филипп Сергеевич
u Дополнение Napolskiy F. S.
100 1_ a Автор Kristavchuk O.
100 1_ a Автор Chertovich A. V.
100 1_ a Автор Yashina L. V.
100 1_ a Автор Itkis D. M.
c Титул (звания) кандидат химических наук;
i 100093044
k Кафедра химии, новых технологий и материалов; Факультет естественных и инженерных наук
q Полное имя Иткис Даниил Михайлович
u Дополнение Иткис Д. М.
245 10 a Заглавие Free-standing Li+-conductive films based on PEO-PVDF blends
513 a передано на оплату
b I-II квартал 2020
773 18 t Название источника RSC Advances
d Место и дата издания 2020
m Специф. данные входит в Scopus; входит в WoS; входит в ядро РИНЦ; зарубежный журнал; ненулевой импакт-фактор
c Великобритания
x ISSN 2046-2069
w Контрольный № источника d654e72972204d8ebf3a69a62ba74987
q Q1
b Сведения об издании Royal Society of Chemistry
p RSC Adv.
o Прочие индексы wos 2.936; scopus 3.16
g Прочая информация V. 10. - № 27. - P. 16118 - 16124
901 t Тип документа b
952 c Вид литературы статья в журнале